01178 2200241 4500001002100000005001500021035002000036007000300056008004100059020002200100082001000122084001600132100002100148245005500169250001600224260003200240300002800272650002800300700001800328520055600346990001700902990001700919INLIS00000000000038920260505122001 a0010-0423000016ta260505 c 0 ind  a978-623-7465-51-5 a629.2 a629.2 DIA e0 aDian (Pengarang)1 aMini ensiklopedia kendaraan /cDian ; editor, Adib aCet.1, 2019 aYogyakarta :bNoktah,c2019 a68 :bilus. ;c27 cme- 4aKendaraan--Ensiklopedia0 aAdib (Editor) aBagaimanakah bentuk mobil pada zaman dulu? Siapakah yang menciptakan kereta api, pesawat, dan mobil? Apakah pesawat bisa tersambar petir? Bus apa yang sangat unik di dunia? Apakah balon udara bisa terbang saat hujan? Motor apa yang tercepat di dunia? Nah, buku ini memuat berbagai info menarik tentang berbagai jenis kendaraan. Ada kendaraan darat, air, dan udara. Dengan membaca buku Mini Ensiklopedia Kendaraan ini, kamu akan mengenal sejarah dan perkembangan kendaraan di dunia. Setiap informasi dilengkapi gambar yang menarik. Selamat membaca, ya! a00103/K/2024 a00093/K/2020